Maquinarias e instalaciones frigoríficas

Bibliographic Details
Main Author: Riabinin, Guerman
Format: Section = Libro
Language:Undetermined
Spanish
Published: Cuba Orbe 1982
Subjects:
LEADER 00434nam a2200169Ia 4500
008 240829s9999 xx 000 0 und d
040 |a BIBLIOTECA-RUPAP 621.56 R481 
041 |a spa 
082 |a 621.56 R481 
100 1 |a Riabinin, Guerman 
245 1 0 |a Maquinarias e instalaciones frigoríficas 
260 |a Cuba  |b Orbe  |c 1982 
300 |a 403 p. :il. 
650 7 |a REFRIGERACION. I. Tít. 
942 |c BK  |2 ddc 
991 |a TEXTO 
999 |c 9269